Представление документа в формате RUSMARC

ПолеНазваниеЗначение
  Тип записи a
  Библиографический уровень a
001 Контрольный номер RU/CBS_UL/BASE/a843b18f819f47b7a8c65e62b02e6490
005 Дата корректировки 20230302091619.4
100 Данные общей обработки __
a Данные общей обработки 20230302 ||| 0rusy0189 ca
101 Язык документа 0_
a Язык текста rus
102 Страна публикации __
a Страна публикации RU
200 Заглавие и сведения об ответственности 1_
a Заглавие Поэтический праздник в Языковском парке
e Сведения, относящиеся к заглавию [в Языково прошёл традиционный Пушкинский праздник]
f Первые сведения об ответственности Т. Эйхман
300 Общие примечания __
a Общие примечания 12+
461 Уровень набора _0
1 2000
a Симбирскъ
463 Уровень физической единицы _0
1 2000
a № 9
v С. 13-14
1 2101
d 2018
1 001RU/CBS_UL/BASE/594209363
606 Тематические рубрики 0_
a Основная рубрика Пушкинский праздник, (Ульяновская область) - 2018 г.
y Географическая подрубрика Языково, поселок городского типа (Карсунский район ; Ульяновская область)
610 Ключевые слова 0_
a Ключевые слова литературные праздники
610 Ключевые слова 0_
a Ключевые слова Пушкинские праздники
610 Ключевые слова 0_
a Ключевые слова русские поэты
610 Ключевые слова 0_
a Ключевые слова поэты
610 Ключевые слова 0_
a Ключевые слова дружба поэтов
610 Ключевые слова 0_
a Ключевые слова литературоведение
686 Индексы других классификаций __
a Классификационный индекс 83.3(2Рос=Рус)1
700 Автор _1
a Фамилия Эйхман
b Имя (инициалы) Т.
801 Источник записи _0
a Страна RU
b Организация МБУК ЦБС г. Ульяновска
c Дата составления 20230302
g Правила каталогизации RCR
801 Источник записи _1
a Страна RU
b Организация МБУК ЦБС г. Ульяновска
c Дата составления 20230302
g Правила каталогизации RCR
901 Тип документа __
t Тип документа b
w Контрольный № источника RU/CBS_UL/BASE/594209363